000 00600cam a22002293a 4500
001 23877
003 PGUSA
005 20140828083517.0
008 071217s2007||||xxu|||||s|||||000 | eng d
040 _aPGUSA
_beng
042 _adc
050 4 _aPL
100 1 _aTianhuazangzhuren
245 1 0 _a玉嬌梨
_h[electronic resource] /
_cTianhuazangzhuren
260 _bProject Gutenberg,
_c2007
506 _aPublic domain in the USA.
516 _aElectronic text
740 0 _aYu jiao li
830 0 _aProject Gutenberg
_v23877
856 4 0 _uhttp://www.gutenberg.org/ebooks/23877
942 _cEB
999 _c253132
_d253132